Essentials of pediatric nursing / (Record no. 18600)
[ view plain ]
| 000 -LEADER | |
|---|---|
| fixed length control field | 02498cam a22003258a 4500 |
| 001 - CONTROL NUMBER | |
| control field | 17001142 |
| 005 - DATE AND TIME OF LATEST TRANSACTION | |
| control field | 20141111153252.0 |
| 008 - FIXED-LENGTH DATA ELEMENTS--GENERAL INFORMATION | |
| fixed length control field | 111012t2013 xxua frb 001 0 eng d |
| 010 ## - LIBRARY OF CONGRESS CONTROL NUMBER | |
| LC control number | 2011042535 |
| 020 ## - INTERNATIONAL STANDARD BOOK NUMBER | |
| International Standard Book Number | 9781605470283 (alk. paper) |
| 020 ## - INTERNATIONAL STANDARD BOOK NUMBER | |
| International Standard Book Number | 1605470287 |
| 035 ## - SYSTEM CONTROL NUMBER | |
| System control number | (DNLM)101570916 |
| 040 ## - CATALOGING SOURCE | |
| Original cataloging agency | DNLM/DLC |
| Transcribing agency | DLC |
| Modifying agency | EG-ScBUE |
| 082 00 - DEWEY DECIMAL CLASSIFICATION NUMBER | |
| Classification number | 618.92 |
| Edition number | 22 |
| Item number | KYL |
| 100 1# - MAIN ENTRY--PERSONAL NAME | |
| Personal name | Kyle, Terri |
| 9 (RLIN) | 19969 |
| 245 10 - TITLE STATEMENT | |
| Title | Essentials of pediatric nursing / |
| Statement of responsibility, etc | Terri Kyle, Susan Carman. |
| 250 ## - EDITION STATEMENT | |
| Edition statement | 2nd ed. |
| 260 ## - PUBLICATION, DISTRIBUTION, ETC. (IMPRINT) | |
| Place of publication, distribution, etc | Philadelphia, United States : |
| Name of publisher, distributor, etc | Wolters Kluwer / Lippincott Williams & Wilkins Health, |
| Date of publication, distribution, etc | c.2013. |
| 300 ## - PHYSICAL DESCRIPTION | |
| Extent | xli, 1219 p. : |
| Other physical details | ill. (col.) ; |
| Dimensions | 29 cm. |
| 500 ## - GENERAL NOTE | |
| General note | Index : p. 1191-1219. |
| 500 ## - GENERAL NOTE | |
| General note | Includes appendixes. |
| 504 ## - BIBLIOGRAPHY, ETC. NOTE | |
| Bibliography, etc | Includes bibliographical references. |
| 505 0# - FORMATTED CONTENTS NOTE | |
| Formatted contents note | Introduction to child health and pediatric nursing-Factors influencing child health-Growth and development of the newborn and infant-Growth and development of the toddler-Growth and development of the preschooler-Growth and development of the school-age child-Growth and development of the adolescent-Atraumatic and family-centered care of children-Health supervision-Health assessment of children-Caring for children in diverse settings-Caring for the special needs child-Key pediatric nursing interventions-Pain management in children-Nursing care of the child with an infectious or communicable disorder-Nursing care of the child with a neurologic disorder-Nursing care of the child with a disorder of the eyes or ears-Nursing care of the child with a respiratory disorder- |
| 505 0# - FORMATTED CONTENTS NOTE | |
| Formatted contents note | Nursing care of the child with a cardiovascular disorder-Nursing care of the child with a gastrointestinal disorder-Nursing care of the child with a genitourinary disorder-Nursing care of the child with a neuromuscular disorder-Nursing care of the child with a musculoskeletal disorder-Nursing care of the child with an integumentary disorder-Nursing care of the child with a hematologic disorder-Nursing care of the child with an immunologic disorder-Nursing care of the child with an endocrine disorder-Nursing care of the child with a neoplastic disorder-Nursing care of the child with a genetic disorder-Nursing care of the child with a cognitive or mental health disorder-Nursing care during a pediatric emergency. |
| 650 #0 - SUBJECT ADDED ENTRY--TOPICAL TERM | |
| Topical term or geographic name as entry element | Pediatric nursing |
| 9 (RLIN) | 19967 |
| 653 ## - INDEX TERM--UNCONTROLLED | |
| Resource For college | Nursing |
| Arrived date list | November2014 |
| 655 ## - INDEX TERM--GENRE/FORM | |
| Form subdivision | |
| -- | 34232 |
| 700 1# - ADDED ENTRY--PERSONAL NAME | |
| Personal name | Carman, Susan |
| 9 (RLIN) | 32495 |
| 942 ## - ADDED ENTRY ELEMENTS (KOHA) | |
| Source of classification or shelving scheme | Dewey Decimal Classification |
| Call number prefix | 618.92 KYL |
| Withdrawn status | Item status | Source of classification or shelving scheme | Damaged status | Not for loan | Vendor | Home library | Current library | Shelving location | Date acquired | Source of acquisition | Cost, normal purchase price | Serial Enumeration / chronology | Total Checkouts | Total Renewals | Full call number | Barcode | Date last seen | Date last borrowed | Cost, replacement price | Koha item type |
|---|---|---|---|---|---|---|---|---|---|---|---|---|---|---|---|---|---|---|---|---|
| Dewey Decimal Classification | Baccah | Central Library | Central Library | First floor | 11/11/2014 | 635.00 | 20677 | 4 | 71 | 618.92 KYL | 000036980 | 15/07/2025 | 15/10/2019 | 793.75 | Book - Borrowing |